Find the Countries by Former Capital Quiz Stats

 Plays Quiz not verified by Sporcle

Score 0/30 Timer 04:00
0 Plays Today
% Correct
United States
94%
Brazil
93.6%
Russia
93.4%
Turkey
93.1%
Australia
92.7%
Italy
91.9%
France
91.6%
Japan
90.6%
China
88.2%
Poland
87.8%
New Zealand
87.2%
Belize
83.1%
India
83.1%
Vietnam
81.1%
Nigeria
77.7%
% Correct
Sri Lanka
75.2%
Cambodia
71.1%
Pakistan
70.5%
Myanmar
68.7%
Sweden
67%
Kazakhstan
66%
Yemen
66%
Afghanistan
64%
Philippines
63.6%
Israel
63.4%
Côte d'Ivoire
52.5%
Egypt
51.8%
Portugal
42.8%
Denmark
41.7%
Iran
33.4%

You're not logged in!

Compare scores with friends on all Sporcle quizzes.
OR
Log In

You Might Also Like...

Show Comments

Extras

Top Quizzes Today


Score Distribution

Your Account Isn't Verified!

In order to create a playlist on Sporcle, you need to verify the email address you used during registration. Go to your Sporcle Settings to finish the process.

Report this User

Report this user for behavior that violates our Community Guidelines.

Details: